[Event "AUTO-ADV-3314"]
[Site "http://www.queenalice.com/game.php?id=1328898"]
[Date "2014.12.18"]
[Round "1"]
[White "ClappinTheCaptain"]
[Black "APSHOOTER"]
[Result "1-0"]
[WhiteElo "1826"]
[BlackElo "1626"]

1. d4 b6 2. c4 Bb7 3. Nc3 g6 4. Bf4 Bg7 5. Nb5 Na6 6. Nc3 e6 7. e3 Ne7 8. Qa4
O-O 9. c5 Nc6 10. Bxa6 Bxa6 11. Qxa6 e5 12. Bxe5 Bxe5 13. dxe5 Nxe5 14. cxb6
axb6 15. Qe2 d5 16. Nf3 Nxf3+ 17. Qxf3 d4 18. Ne4 d3 19. O-O c5 20. Nf6+ Kg7 21.
Nd5 b5 22. b4 c4 23. Nc3 Ra3 24. Nxb5 c3 25. Nxa3 c2 26. Qc6 Qc8 27. Qxc8 Rxc8
28. Rac1 d2 29. Rxc2 1-0

[Event "AUTO-ADV-3314"]
[Site "http://www.queenalice.com/game.php?id=1328905"]
[Date "2014.12.18"]
[Round "1"]
[White "Karjaking"]
[Black "ClappinTheCaptain"]
[Result "1-0"]
[WhiteElo "1836"]
[BlackElo "1857"]

1. d4 d5 2. c4 c6 3. Nf3 Nf6 4. Nc3 dxc4 5. e4 b5 6. e5 Nd5 7. Ne4 Bf5 8. Ng3
Bg4 9. a4 e6 10. Be2 Bb4+ 11. Bd2 Qa5 12. O-O Bxf3 13. Bxf3 Bxd2 14. axb5 Qb4
15. bxc6 Nxc6 16. Ne4 Bf4 17. Nd6+ Ke7 18. Bxd5 exd5 19. g3 Bxe5 20. dxe5 Ke6
21. Qg4+ Kxe5 22. Nxf7+ Kf6 23. Nxh8 Rxh8 24. f4 Qxb2 25. Rae1 Qd4+ 26. Kh1 Rb8
27. Qe6# 1-0

[Event "AUTO-ADV-3314"]
[Site "http://www.queenalice.com/game.php?id=1328906"]
[Date "2014.12.18"]
[Round "1"]
[White "ClappinTheCaptain"]
[Black "Karjaking"]
[Result "0-1"]
[WhiteElo "1822"]
[BlackElo "1986"]

1. d4 Nf6 2. Bg5 e6 3. e4 Be7 4. Bd3 O-O 5. Nf3 d5 6. Bxf6 Bxf6 7. e5 Be7 8. O-O
c5 9. c4 Nc6 10. dxc5 Bxc5 11. cxd5 Qxd5 12. Re1 b6 13. Nc3 Qd8 14. Qd2 Bb7 15.
Rad1 Qe7 16. Nb5 a6 17. Nd6 Rad8 18. Nxb7 Qxb7 19. Ng5 h6 20. Ne4 Nxe5 21. Nxc5
bxc5 22. Rxe5 c4 23. Re3 cxd3 24. Rg3 Qb5 25. Qxh6 Qxb2 26. Qd2 Qxd2 27. Rxd2
Rb8 28. Rgxd3 g6 29. h3 Rb1+ 30. Rd1 Rb6 31. Rd8 Rxd8 32. Rxd8+ Kg7 33. Ra8 Rd6
34. g4 Kf6 35. Kg2 g5 36. Kg3 Kg6 37. h4 gxh4+ 38. Kxh4 f6 39. f3 f5 0-1

[Event "AUTO-ADV-3882"]
[Site "http://www.queenalice.com/game.php?id=1490461"]
[Date "2017.8.16"]
[Round "1"]
[White "ClappinTheCaptain"]
[Black "Corvidae"]
[Result "1-0"]
[WhiteElo "1829"]
[BlackElo "1871"]

1. d4 Nf6 2. c4 d6 3. Nc3 Bf5 4. f3 Nc6 5. e4 Bd7 6. Nge2 e5 7. Bg5 Be7 8. Nd5
Nxd5 9. Bxe7 Qxe7 10. cxd5 Nd8 11. Nc3 exd4 12. Qxd4 Qe5 13. Qxe5+ dxe5 14. Nb5
Bxb5 15. Bxb5+ c6 16. dxc6 bxc6 17. Bc4 O-O 18. O-O Nb7 19. b4 Rad8 20. Rfd1
Rxd1+ 21. Rxd1 Rd8 22. Rxd8+ Nxd8 23. Kf2 Kf8 24. Ke3 g5 25. g3 f6 26. f4 h6 27.
fxg5 fxg5 28. Kf3 Kg7 29. Ba6 Ne6 30. Ke3 Nd4 31. Kd3 Nb5 32. Kc4 Nd4 33. b5
cxb5+ 34. Bxb5 Kf7 35. Kc5 Ke7 36. Bd3 Ne6+ 37. Kd5 Kf6 38. a4 a6 39. Kc6 Ke7
40. Bxa6 h5 41. Be2 Nd4+ 42. Kd5 1-0

[Event "AUTO-ADV-3882"]
[Site "http://www.queenalice.com/game.php?id=1490462"]
[Date "2017.8.16"]
[Round "1"]
[White "Corvidae"]
[Black "ClappinTheCaptain"]
[Result "1-0"]
[WhiteElo "1885"]
[BlackElo "1847"]

1. d4 d6 2. e4 Nf6 3. Nc3 g6 4. Bg5 Bg7 5. Bc4 Nc6 6. Nf3 Bg4 7. Be2 O-O 8. h3
Bxf3 9. Bxf3 Qd7 10. O-O e5 11. Bxf6 Bxf6 12. Nd5 Kg7 13. Bg4 Qd8 14. Nxf6 Qxf6
15. d5 Nb4 16. c3 Na6 17. Qf3 Nc5 18. Qxf6+ Kxf6 19. Bf3 Nd3 20. b4 Nb2 21. Rab1
Na4 22. Rfc1 c6 23. Bd1 Nb6 24. a4 Nxa4 25. Bxa4 cxd5 26. exd5 Rfc8 27. c4 a6
28. c5 Ke7 29. c6 bxc6 30. Bxc6 Ra7 31. Ra1 Rb8 32. b5 a5 33. Ra4 f5 34. f3 Kf6
35. Rcc4 g5 36. g3 h5 37. Kg2 f4 38. g4 hxg4 39. fxg4 Kg6 40. Rc1 Rf8 41. Kf3
Rc8 42. b6 Ra6 43. b7 Rh8 44. Be8+ Rxe8 45. Rc8 Rb6 46. Rxe8 Rxb7 47. Re6+ Kf7
48. Rxa5 Rb3+ 49. Kg2 Rb7 50. Rh6 e4 51. Rh7+ Kf6 52. Rxb7 1-0

[Event "AUTO-ADV-3882"]
[Site "http://www.queenalice.com/game.php?id=1490463"]
[Date "2017.8.16"]
[Round "1"]
[White "ClappinTheCaptain"]
[Black "Nias"]
[Result "0-1"]
[WhiteElo "1839"]
[BlackElo "1786"]

1. d4 d5 2. c4 c6 3. Nf3 f6 4. cxd5 cxd5 5. e3 a6 6. Bd3 Qd6 7. O-O e5 8. dxe5
fxe5 9. Qa4+ Bd7 10. Qb3 Bc6 11. Qc3 h6 12. Qxe5+ Qxe5 13. Nxe5 Ne7 14. Ng6 Nxg6
15. Bxg6+ Kd8 16. Nc3 Nd7 17. e4 Ne5 18. Bf5 g6 19. Bh3 d4 20. Ne2 Bc5 21. f3
d3+ 22. Nd4 Bxd4+ 23. Kh1 Kc7 24. Bf4 Rae8 25. Rab1 g5 26. Bxe5+ Bxe5 27. b3 Bb5
28. Rfd1 Kb6 29. a4 Bc6 30. Rxd3 Rd8 31. Rdd1 Rd4 32. g4 h5 33. Rxd4 hxg4 0-1

[Event "AUTO-ADV-3882"]
[Site "http://www.queenalice.com/game.php?id=1490464"]
[Date "2017.8.16"]
[Round "1"]
[White "Nias"]
[Black "ClappinTheCaptain"]
[Result "0-1"]
[WhiteElo "1823"]
[BlackElo "1813"]

1. e4 e5 2. c3 Nf6 3. Qf3 Bc5 4. Bc4 c6 5. b4 Be7 6. g4 d5 7. Bb3 dxe4 8. Qg3
Nxg4 9. h3 Nxf2 10. Qxf2 Bh4 11. Bxf7+ Kd7 12. Bh5 Bxf2+ 13. Kxf2 Qh4+ 14. Ke3
Qxh5 0-1

[Event "AUTO-ADV-3882"]
[Site "http://www.queenalice.com/game.php?id=1490465"]
[Date "2017.8.16"]
[Round "1"]
[White "ClappinTheCaptain"]
[Black "akleetch"]
[Result "0-1"]
[WhiteElo "1833"]
[BlackElo "1901"]

1. d4 d5 2. c4 c6 3. Nf3 Bf5 4. cxd5 cxd5 5. Bf4 Nc6 6. e3 a6 7. Bd3 Bg4 8. O-O
e6 9. Nbd2 Bd6 10. Qa4 Ne7 11. Bxd6 Qxd6 12. Ng5 h6 13. Ngf3 O-O 14. Ne5 Nxe5
15. dxe5 Qxe5 16. Qd7 Qg5 17. Qxb7 Bh3 18. g3 Bxf1 19. Kxf1 Rfb8 20. Qc7 g6 21.
b3 Rc8 22. Qd6 Rc6 23. Qd7 Qf6 24. Rd1 e5 25. Qb7 Rac8 26. Bxa6 Rxa6 27. a4 Kf8
28. e4 d4 29. Kg2 Kg7 30. Qb5 Rc3 31. Nc4 Qf3+ 32. Kh3 Re6 33. Nxe5 Qxd1 34. Nd7
Rxe4 35. a5 Rd3 36. Qb8 g5 37. Kg2 Qf3+ 0-1

[Event "AUTO-ADV-3882"]
[Site "http://www.queenalice.com/game.php?id=1490466"]
[Date "2017.8.16"]
[Round "1"]
[White "akleetch"]
[Black "ClappinTheCaptain"]
[Result "0-1"]
[WhiteElo "1901"]
[BlackElo "1820"]

1. e4 d5 2. e5 f6 3. d4 Nc6 4. Nf3 Bg4 5. Be3 fxe5 6. Bb5 Qd6 7. h3 Bxf3 8. Qxf3
O-O-O 9. c3 exd4 10. Bxc6 dxe3 11. Bb5 Qc5 12. Na3 exf2+ 13. Qxf2 Qxf2+ 14. Kxf2
e5 15. Rhe1 Bxa3 16. bxa3 e4 17. c4 Nf6 18. g4 c6 19. Ba4 dxc4 20. g5 Rd2+ 21.
Ke3 Rd3+ 22. Kf4 Nd5+ 23. Kg4 Rxa3 24. Bc2 e3 25. h4 h5+ 26. gxh6 Rxh6 27. Kg5
Ra5 28. Kg4 Nf6+ 29. Kg3 Ra3 30. Re2 Nd5 31. Bf5+ Kc7 32. Rae1 Kd6 33. Be4 Nf6
34. Bb1 Rh5 35. Rxe3 Rxe3+ 36. Rxe3 a5 37. Rf3 Rb5 38. Rf1 Ke5 39. Rf5+ Kd4 40.
Rf4+ Ke3 41. Rf3+ Kd4 42. Bc2 Rb2 43. Rf4+ Kc3 44. Bf5 Rxa2 45. Be6 b5 46. Bf7
a4 47. Rf3+ Kb4 48. Rf1 Ra3+ 49. Kf4 Nd5+ 50. Kg5 Rg3+ 51. Kh5 Nf6+ 0-1

[Event "bluesman"]
[Site "http://www.queenalice.com/game.php?id=1496058"]
[Date "2017.9.22"]
[Round "1"]
[White "ClappinTheCaptain"]
[Black "Corvidae"]
[Result "1-0"]
[WhiteElo "1821"]
[BlackElo "1809"]

1. d4 d6 2. Nf3 g6 3. g3 Bg7 4. Bg2 c6 5. c4 Nf6 6. Bg5 Bg4 7. Nc3 Nbd7 8. d5
cxd5 9. cxd5 Nc5 10. O-O h6 11. Be3 b6 12. Bxc5 bxc5 13. Qa4+ 1-0

[Event "AUTO-ADV-4298"]
[Site "http://www.queenalice.com/game.php?id=1599687"]
[Date "2020.2.16"]
[Round "1"]
[White "ClappinTheCaptain"]
[Black "josebaron"]
[Result "0-1"]
[WhiteElo "1838"]
[BlackElo "2071"]

1. d4 d5 2. c4 dxc4 3. Nf3 Nf6 4. Qa4+ Bd7 5. Qxc4 e6 6. Bg5 Be7 7. g3 h6 8. Bd2
Bc6 9. Bg2 Ne4 10. O-O Nxd2 11. Nbxd2 O-O 12. Rac1 Bd6 13. e4 a6 14. Ne5 Bxe5
15. Nb3 Bb5 16. Qxc7 Bxc7 17. Rfd1 Ba4 18. e5 Bxb3 19. axb3 Nc6 20. Bxc6 bxc6
21. Rxc6 Bxe5 22. Rc4 Bf6 23. Kg2 Rb8 24. b4 Qd5+ 25. f3 Qxc4 26. Kh3 Qe2 27.
Ra1 Rxb4 28. Ra3 Rxb2 29. Kg4 Bxd4 30. h4 f5+ 31. Kf4 Qe5# 0-1

[Event "AUTO-ADV-4298"]
[Site "http://www.queenalice.com/game.php?id=1599688"]
[Date "2020.2.16"]
[Round "1"]
[White "josebaron"]
[Black "ClappinTheCaptain"]
[Result "1-0"]
[WhiteElo "2019"]
[BlackElo "1845"]

1. e4 c5 2. Bc4 e6 3. Nc3 Nc6 4. Nf3 a6 5. a4 Nf6 6. O-O g6 7. d3 Bg7 8. h3 O-O
9. d4 d6 10. dxc5 dxc5 11. Be3 b6 12. Bg5 Nb4 13. Bd3 Qd6 14. e5 Qe7 15. exf6
Bxf6 16. Bxf6 Qxf6 17. Be4 Rd8 18. Qc1 Ra7 19. Qg5 Qxg5 20. Nxg5 f5 21. Bf3 Nxc2
22. Rad1 Rxd1 23. Bxd1 Nd4 24. Re1 h6 25. Nf3 b5 26. axb5 axb5 27. Be2 b4 28.
Nb5 Nxe2+ 29. Rxe2 Rd7 30. Rd2 Re7 31. Rd8+ Kf7 32. Rxc8 Kf6 33. Rxc5 g5 34.
Nfd4 Rd7 35. b3 h5 36. Rc4 e5 37. Rc6+ Kf7 38. Nxf5 Rd1+ 39. Kh2 g4 40. hxg4
hxg4 41. Nh6+ Ke7 42. Nxg4 Re1 43. Rc4 Ke6 44. Rxb4 Kf5 45. Ne3+ Ke6 46. Rc4 Kd7
47. Re4 Ke6 48. Nd4+ Kd6 49. Ndc2 Rb1 50. b4 Rb2 51. Nc4+ Kd5 52. Nxb2 Kxe4 53.
b5 Kd5 54. g4 Kc5 55. g5 Kxb5 56. g6 Kc5 57. g7 Kd5 58. g8=Q+ Ke4 59. Qg4+ Kd5
60. Ne3+ Kd6 61. Nbc4+ 1-0

[Event "AUTO-ADV-4298"]
[Site "http://www.queenalice.com/game.php?id=1599689"]
[Date "2020.2.16"]
[Round "1"]
[White "ClappinTheCaptain"]
[Black "Canaye"]
[Result "1-0"]
[WhiteElo "1831"]
[BlackElo "1784"]

1. e3 e6 2. Nf3 d5 3. g3 c5 4. Bb5+ Bd7 5. Be2 Nf6 6. Ne5 Nc6 7. Ng4 Be7 8. O-O
h5 9. Nxf6+ Bxf6 10. c4 d4 11. Bxh5 Ne5 12. Bf3 Nxf3+ 13. Qxf3 Bc6 14. Qf4 d3
15. e4 Bg5 16. Qg4 e5 17. h4 Bxh4 18. Qxg7 Bf6 19. Qg4 Bd7 20. Qf3 Be6 21. b3
Ke7 22. Ba3 b6 23. Nc3 Rh3 24. Kg2 Qh8 25. Nd5+ Bxd5 26. exd5 Rg8 27. d6+ Kd7
28. Qf5+ Kxd6 29. Qxh3 Qg7 30. Qf5 Bh4 31. Qxd3+ Kc7 32. Rh1 e4 33. Qe3 Bg5 34.
Qxe4 Bf6 35. Rh7 Qg6 36. Qxg6 Rxg6 37. Rxf7+ Kb8 38. Re1 Bd8 39. Re8 Kc8 40.
Rxa7 Rd6 41. Bc1 Kb8 42. Rh7 Kc8 43. Reh8 Rd7 44. Rxd7 Kxd7 45. Rxd8+ Kxd8 46.
Bb2 Ke7 47. f4 Ke6 48. g4 Kf7 49. g5 Kg6 50. d4 cxd4 51. Bxd4 Kf7 52. Bxb6 Kf8
53. c5 1-0

[Event "AUTO-ADV-4298"]
[Site "http://www.queenalice.com/game.php?id=1599690"]
[Date "2020.2.16"]
[Round "1"]
[White "Canaye"]
[Black "ClappinTheCaptain"]
[Result "0-1"]
[WhiteElo "1906"]
[BlackElo "1819"]

1. d4 Nf6 2. c4 e6 3. Nc3 Bb4 4. Qc2 O-O 5. Bd2 Nc6 6. e3 d5 7. c5 Bxc3 8. Bxc3
Re8 9. Bb5 Ne4 10. Ne2 Bd7 11. b3 Qf6 12. O-O a6 13. Bd3 Nxc3 14. Bxh7+ Kh8 15.
Nxc3 g6 16. Bxg6 Qxg6 17. Qe2 Rg8 18. a3 Qxg2# 0-1

[Event "AUTO-ADV-4298"]
[Site "http://www.queenalice.com/game.php?id=1599691"]
[Date "2020.2.16"]
[Round "1"]
[White "ClappinTheCaptain"]
[Black "mascarade"]
[Result "1-0"]
[WhiteElo "1852"]
[BlackElo "1821"]

1. d4 b6 2. c4 Bb7 3. Nc3 e6 4. e4 Bb4 5. f3 Bxc3+ 6. bxc3 Ne7 7. Bd3 Na6 8. Ne2
d6 9. O-O c5 10. Qa4+ Qd7 11. Qxd7+ Kxd7 12. dxc5 Nxc5 13. Rd1 Raf8 14. Ba3 f5
15. Rab1 g5 16. Bxc5 dxc5 17. exf5 Ke8 18. fxe6 Rf6 19. Ng3 Rxe6 20. Nf5 Rg8 21.
Nxe7 Rxe7 22. Re1 Rg7 23. Rxe7+ Kxe7 24. Re1+ Kf8 25. Be4 Ba6 26. Bd3 h5 27. h3
g4 28. fxg4 hxg4 29. Kh2 gxh3 30. Kxh3 Bc8+ 31. Kh2 Bb7 32. Be4 Re7 33. Rf1+ Kg7
34. Bxb7 Rxb7 35. g4 Rd7 36. Kh3 Rd3+ 37. Kh4 Rxc3 38. Rf4 Ra3 39. g5 Rxa2 40.
Kh5 Rh2+ 41. Kg4 Rg2+ 42. Kh5 Rh2+ 43. Kg4 Re2 44. Rf6 Re4+ 45. Kf5 Re1 46. Rc6
Rf1+ 47. Kg4 Rf7 48. Kh5 Kg8 49. Kh6 Rf4 50. Rc8+ Kf7 51. g6+ Kf6 52. Rf8+ 1-0

[Event "AUTO-ADV-4298"]
[Site "http://www.queenalice.com/game.php?id=1599692"]
[Date "2020.2.16"]
[Round "1"]
[White "mascarade"]
[Black "ClappinTheCaptain"]
[Result "0-1"]
[WhiteElo "1824"]
[BlackElo "1836"]

1. e4 c5 2. d3 d6 3. Nf3 Nf6 4. Be2 Nc6 5. Nc3 g6 6. O-O Bg7 7. d4 O-O 8. Be3
cxd4 9. Nxd4 e5 10. Nxc6 bxc6 11. Bc4 Ng4 12. Bd2 Rb8 13. Na4 d5 14. exd5 cxd5
15. Be2 Qh4 16. h3 Nf6 17. Bc3 Qxa4 18. Bxe5 Rb4 19. Bc3 Rb6 20. Qc1 Ne4 21. b3
Qe8 22. Bxg7 Kxg7 23. Qb2+ Kg8 24. c4 dxc4 25. Bxc4 Qe7 26. Rfe1 Qh4 27. Bd5 Nf6
28. g3 Qg5 29. Re5 Qh6 30. h4 Nxd5 31. Rxd5 Bb7 32. Rg5 Qg7 33. Qd2 Qxa1+ 0-1

[Event "Challenge"]
[Site "http://www.queenalice.com/game.php?id=1607727"]
[Date "2020.4.15"]
[Round "-"]
[White "MADMIKE"]
[Black "ClappinTheCaptain"]
[Result "1-0"]
[WhiteElo "1811"]
[BlackElo "1848"]

1. d4 d5 2. Nc3 Nf6 3. Bf4 a6 4. h3 g6 5. Nf3 Bg7 6. e3 O-O 7. Bd3 Nc6 8. O-O
Nb4 9. a3 Nxd3 10. cxd3 Nh5 11. Bh2 b6 12. Qb3 c6 13. e4 dxe4 14. Nxe4 Bxd4 15.
Rac1 Be6 16. Qb4 c5 17. Qd2 Nf6 18. Nxf6+ Bxf6 19. Ne5 Bxe5 20. Bxe5 f6 21. Bc3
Qd6 22. f4 Rfd8 23. Rf3 Qd5 24. Qe3 Qc6 25. b4 Bd5 26. Rf2 Kf7 27. d4 cxd4 28.
Bxd4 Qe6 29. Bxb6 Qxe3 30. Bxe3 Kg7 31. Rc7 Kf7 32. Bc5 Re8 33. Re2 Be6 34. g4
Rac8 35. Ra7 Ra8 36. Kg2 Bd5+ 37. Kg3 Rxa7 38. Bxa7 h6 39. Rd2 e6 40. Rc2 f5 41.
gxf5 exf5 42. Rd2 Re3+ 43. Bxe3 Ke6 44. h4 Bb7 45. Bc5 Bd5 46. Re2+ Be4 47. a4
Kd5 48. a5 Kc6 49. Rd2 Bd5 50. Bf8 h5 51. Rc2+ Kb5 52. Rc5+ Kxb4 53. Rxd5+ Ka4
54. Bd6 1-0

[Event "Challenge"]
[Site "http://www.queenalice.com/game.php?id=1607728"]
[Date "2020.4.15"]
[Round "-"]
[White "ClappinTheCaptain"]
[Black "MADMIKE"]
[Result "1-0"]
[WhiteElo "1831"]
[BlackElo "1828"]

1. d4 d5 2. c4 e6 3. Nf3 h6 4. g3 Nf6 5. Bg2 c6 6. c5 Be7 7. O-O O-O 8. Nc3 a6
9. Qb3 b5 10. a4 bxa4 11. Nxa4 Bd7 12. Nb6 Ra7 13. Ne5 a5 14. Nbxd7 Nbxd7 15.
Nxd7 Qxd7 16. Re1 a4 17. Qd3 Ne4 18. Bxe4 dxe4 19. Qxe4 f5 20. Qd3 Bf6 21. e3 e5
22. Rd1 exd4 23. exd4 Qd5 24. b4 Be7 25. Be3 Bg5 26. Bxg5 hxg5 27. Qc2 a3 28.
Qa2 Qxa2 29. Rxa2 f4 30. Rd3 Ra4 31. Raxa3 Rxb4 32. d5 cxd5 33. Rxd5 f3 34. h3
Rc4 35. Rxg5 Kh7 36. g4 Kh6 37. h4 g6 38. Ra6 Rg8 39. Rf6 Rc1+ 40. Kh2 Rc2 41.
Kg3 Rc3 42. Kf4 Kh7 43. h5 gxh5 44. gxh5 Rxg5 45. Kxg5 Rxc5+ 46. Kg4 Kg7 47.
Rxf3 Rc6 48. Rf5 Kh6 49. f4 Re6 50. Rg5 Rf6 51. Rg6+ Rxg6+ 52. hxg6 Kxg6 53. f5+
Kf6 54. Kf4 Kf7 55. Ke5 Ke7 56. f6+ Kf7 57. Kf5 Kf8 58. Ke6 Ke8 59. Kd6 Kf7 60.
Ke5 1-0

[Event "AUTO-ADV-4332"]
[Site "http://www.queenalice.com/game.php?id=1609109"]
[Date "2020.4.24"]
[Round "1"]
[White "bouley"]
[Black "ClappinTheCaptain"]
[Result "1-0"]
[WhiteElo "1958"]
[BlackElo "1843"]

1. d4 Nf6 2. c4 e6 3. Nf3 Bb4+ 4. Bd2 Be7 5. Nc3 d5 6. e3 Nc6 7. a3 O-O 8. Bd3
Ng4 9. O-O e5 10. dxe5 Ngxe5 11. Nxe5 Nxe5 12. Bxh7+ Kxh7 13. Nxd5 Nxc4 14. Qc2+
g6 15. Qxc4 c6 16. Nxe7 Qxe7 17. Bc3 Qg5 18. Qd4 f6 19. f4 Qg4 20. Qd6 Bf5 21.
Bxf6 Rh8 22. Bxh8 Kxh8 23. Qf6+ Kh7 24. Rf3 Rh8 25. Rh3+ 1-0

[Event "AUTO-ADV-4332"]
[Site "http://www.queenalice.com/game.php?id=1609110"]
[Date "2020.4.24"]
[Round "1"]
[White "ClappinTheCaptain"]
[Black "bouley"]
[Result "1-0"]
[WhiteElo "1837"]
[BlackElo "1701"]

1. d4 Nf6 2. c4 g6 3. Nc3 d6 4. Nf3 Bg7 5. Bg5 Nbd7 6. g3 O-O 7. Bg2 h6 8. Bxf6
Nxf6 9. e4 e5 10. dxe5 dxe5 11. Nxe5 c6 12. O-O Qc7 13. Nf3 Bg4 14. Re1 Rad8 15.
Qe2 Rfe8 16. Qe3 Be6 17. Qc5 b6 18. Qb4 a5 19. Qa4 Nd7 20. Qc2 Bxc4 21. b3 Ba6
22. Rad1 Ne5 23. Rxd8 Rxd8 24. Nxe5 Qxe5 25. Ne2 c5 26. Nf4 1-0

[Event "AUTO-ADV-4332"]
[Site "http://www.queenalice.com/game.php?id=1609125"]
[Date "2020.4.24"]
[Round "1"]
[White "almiradm87"]
[Black "ClappinTheCaptain"]
[Result "0-1"]
[WhiteElo "1614"]
[BlackElo "1836"]

1. e4 c5 2. Nf3 d6 3. Nc3 Nf6 4. Bc4 Bg4 5. O-O g6 6. Be2 Bg7 7. Re1 O-O 8. b3
e6 9. h3 Bxf3 10. Bxf3 Nc6 11. Bb2 Nd4 12. Ne2 Nxf3+ 13. gxf3 Nd7 14. Ng3 Bxb2
15. Rb1 Be5 0-1

[Event "AUTO-ADV-4332"]
[Site "http://www.queenalice.com/game.php?id=1609126"]
[Date "2020.4.24"]
[Round "1"]
[White "ClappinTheCaptain"]
[Black "almiradm87"]
[Result "1-0"]
[WhiteElo "1832"]
[BlackElo "1569"]

1. d4 Nf6 2. c4 g6 3. Nc3 d5 4. Bg5 Bg7 5. Bxf6 Bxf6 6. Nxd5 e6 7. Nxf6+ Qxf6 8.
e3 O-O 9. Be2 Nc6 10. Nf3 Rd8 11. O-O b6 12. Qd2 Bb7 13. Rab1 Ne7 14. e4 Bxe4
15. Rbd1 Rd7 16. Ng5 Nf5 17. Nxe4 1-0

[Event "AUTO-ADV-4332"]
[Site "http://www.queenalice.com/game.php?id=1609135"]
[Date "2020.4.24"]
[Round "1"]
[White "ggteste1"]
[Black "ClappinTheCaptain"]
[Result "1-0"]
[WhiteElo "1857"]
[BlackElo "1867"]

1. e4 d5 2. e5 f6 3. exf6 exf6 4. Qe2+ Be7 5. d4 Nc6 6. Nf3 Bg4 7. Be3 Qd6 8. h3
Qb4+ 9. Nbd2 Qxb2 10. Rb1 Qxc2 11. Qb5 Bc8 12. Bd3 a6 13. O-O axb5 14. Bxc2 Rxa2
15. Bb3 Ra5 16. Bxd5 Bd6 17. Rfe1 Nge7 18. Nb3 Ra8 19. g4 1-0

[Event "AUTO-ADV-4332"]
[Site "http://www.queenalice.com/game.php?id=1609136"]
[Date "2020.4.24"]
[Round "1"]
[White "ClappinTheCaptain"]
[Black "ggteste1"]
[Result "0-1"]
[WhiteElo "1851"]
[BlackElo "1873"]

1. d4 d5 2. c4 dxc4 3. Nf3 b5 4. Bd2 e6 5. Nc3 a6 6. a4 b4 7. Ne4 Nf6 8. Nxf6+
Qxf6 9. e4 Bb7 10. Qe2 Be7 11. Qxc4 Nc6 12. Bd3 O-O 13. O-O Rac8 14. e5 Na5 15.
exf6 Nxc4 16. fxe7 Nxd2 17. exf8=Q+ Kxf8 18. Nxd2 a5 0-1